01585cam a22003857a 4500003000500000005001700005008004100022010001000063011001100073020001800084035001100102040000900113082002300122110000800145245018800153260002300341300005300364490007100417590004100488590004100529590004100570590004200611650004200653650003800695650003000733650003400763650002900797700002700826830007800853901000700931942001000938949008300948999001701031952015101048CHAP20220817044407.0101111s2009 it a rn 00010 spa d a99763 a100735 a9789253061532 a111421 cCHAP04a338.47664bF21 v.62 aFAO14aEnfermedades transmitidas por alimentos y su impacto socioeconómico :bestudios de caso en Costa Rica, El Salvador, Guatemala, Honduras y Nicaraguac/por Gisella Kopper ... [et al.] aRoma :bFAO,c2009 ax, 190 p. :bilus., gráfs., cuadros, diagramas 0aInforme técnico sobre ingeniería agrícola y alimentariav; 6 aBATCH-UPDb10c20130110lUCH01h0844 aBATCH-UPDb10c20130410lUCH01h0518 aBATCH-UPDb10c20130914lUCH01h0221 aCONVERSIONb10c20130109lUCH01h135514aAlimentosxAspectos economicos.9417014aAlimentosxContaminación.9420514aAlimentosxHigiene.9422414aInocuidad alimentaria.95883614aSalud pública.91018131 aKopper, Gisella963729 0aInforme técnico sobre ingeniería agrícola y alimentariav; 6958144 aBK cLIBRO a338.47664 F21 v.6bBCcFAOd33724002203512eFAO1gDonaciØnh113754i111421sb c99763d99763 00104053708FAOaBCbBCcPP_FAOd2019-12-31eDonacionfLIBROi127l0o338.47664 F21 v.6p33724002203512r2019-12-31 00:00:00w2019-12-31yLIBRO